000
00311nam a22001337a 4500
082
_a
823
_b
IYE/F
100
_a
IYENG, VANDANA
245
_a
FOLK TALES FOR CHILDREN
_b
SHORT STORY
260
_a
BANGALORE
_b
VASAN PUBLICATIONS
_c
2008
300
_a
165
520
_a
SHORT STORY
650
_a
SHORT STORY
942
_c
BK
999
_c
3915
_d
3915